Responses for show #6901 - Monday, September 22, 2014

Contestants

[<< previous game]

Heather Jarvis, an editor at the United Nations from Trinidad and Tobago and now in New York

Dave Childs, a government contractor from Washington, D.C.

Matthew Price, a higher education administrator from East Providence, Rhode Island (whose 1-day cash winnings total $22,400)

[next game >>]

Jeopardy! Round responses

NATIONAL MARINE SANCTUARIES
WORD PUZZLES
HERALDRY
AT THE DRUGSTORE
AVIATION FIRSTS
ONE SHORT OF AN EGOT
(Alex: An "EGOT" is an Emmy, a Grammy, an Oscar, and a Tony. We will give you a list of names, and you tell us which of those 4 awards they did not get.)
    $200 1
(Dave: What are swamps?)

shipwrecks

Dave
Triple Stumper
    $200 4
tennis shoes

Matthew
    $200 20
a shield

Dave
    $200 15
Vaseline

Heather
    $200 3
France

Heather
    $200 10
an Oscar

Dave
    $400 2
(Matthew: What are mammoth seals?)
(Heather: What are dugongs?)
...
(Alex: "What are [*]?" Well, we have Dave at -$200 and LEADING! [Laughter] Matthew, you pick again.)

elephant seals

MatthewHeather
Triple Stumper
    $400 5
"Men in Black"

Heather
    $400 16
Tums

Heather
    $400 9
a parachute

Dave
    $400 11
a Grammy

Dave
    $600 6
repetitive motion injury

Heather
    $600 25
the helmet

Triple Stumper
    $600 17
Dove

Dave
    $600 21
(Henry) Ford

Matthew
    $600 12
a Tony

Dave
    $800 7
(Matthew: What is "I after E, except after C"?)
...
(Alex: That's it, yes. Before, not after.)

"I before E, except after C"

MatthewHeather
    $800 26
(Heather: Who is Kitchener?)
(Alex: No. "Who is [*]?")
[The end-of-round signal sounds.]
(Alex: Kitchener was Army, [*] was Navy.)

Lord Nelson

Heather
    $800 18
Calgon

Matthew
    $800 22
a 747

Dave
    $800 13
(Matthew: What is an Emmy?)

a Tony

MatthewDave
    $1000 8
a backward somersault

Matthew
    $1000 24
the Maltese cross

Heather
    $1000 19
Maybelline

Heather
    $1000 23
(Alex: You got it, with less than a minute to go.)

(Mount) Kilimanjaro

Heather
    $1000 14
an Emmy

Dave

Scores at the first commercial break (after clue 14):

Matthew Dave Heather
-$800 $3,200 $1,600

Scores at the end of the Jeopardy! Round:

Matthew Dave Heather
$600 $4,800 $4,400

Double Jeopardy! Round responses

A PLACE FIT FOR A KING
EDUCATION
YOU'VE GOT CHARACTER!
OFF WITH THEIR HEADS
CANADIANS ON TV
"D.C."ING YOU
    $400 11
Prussia

Dave
    $400 16
Harvard

Matthew
    $400 19
"Through the Looking Glass"

Matthew
    $400 1
(Howie) Mandel

Matthew
    $400 6
a dress code

Dave
    $800 12
the Bering Strait

Matthew
    $800 17
junior colleges

Dave
    $800 22
Tiny Tim

Matthew
    $800 2
"Castle"

Heather
    $800 7
a distress call

Matthew
    $1200 13
the Sierra Nevada

Matthew
    $1200 18
long service (or seniority)

Heather
    $1200 23
James Thurber

Triple Stumper
    $1200 28
[The end-of-round signal sounds.]

Blackbeard

Heather
    $1200 3
"Grey's Anatomy"

Matthew
    $1200 8
the Dallas Cowboys

Dave
    $2,000 14
the Valley of the Kings

Matthew
    $1600 20
home economics

Matthew
    $1600 24
(Alex: You are right, with a minute left.)

the Count of Monte Cristo

Heather
    $1600 27
Catherine Howard

Heather
    $1600 4
Orphan Black

Heather
    $3,000 9
(Dave: What is the...)

Denver, Colorado

Dave
    $2000 15
Kingston

Dave
    $2000 21
(Dave: What is technical education?)

the Job Corps

Dave
Triple Stumper
    $2000 25
Show Boat

Triple Stumper
    $2000 26
seppuku

Heather
    $2000 5
Raymond Burr

Heather
    $2000 10
die-casting

Triple Stumper

Scores at the end of the Double Jeopardy! Round:

Matthew Dave Heather
$10,200 $4,600 $16,400

[wagering suggestions for these scores]

Final Jeopardy! Round responses

THE BILLBOARD ALBUM CHARTS
(Alex: We had a category earlier on, "A Place Fit for a King"; let's see if that was a factor in this Final.)
...
(Alex: Dave, we come to you first. You had $4,600 and you wrote down the correct response, [*], "The King".)
DaveWho is Elvis Presley
$4,600
MatthewWho is Barbra Streisand?
$10,200
HeatherWho is Marvin Hamlisch?
$4,600
Elvis Presley

Final scores:

Matthew Dave Heather
$0 $9,200 $11,800
3rd place: $1,000 2nd place: $2,000 New champion: $11,800

Game dynamics:

Coryat scores:

Matthew Dave Heather
$9,800 $7,600 $17,200
14 R
(including 1 DD),
3 W
14 R,
3 W
(including 1 DD)
17 R,
2 W
(including 1 DD)

Combined Coryat: $34,600

The J! Archive is created by fans, for fans. The Jeopardy! game show and all elements thereof, including but not limited to copyright and trademark thereto, are the property of Jeopardy Productions, Inc. and are protected under law. This website is not affiliated with, sponsored by, or operated by Jeopardy Productions, Inc. Join the discussion at JBoard.tv.